| 000 | 01292nac a22003131u 4500 | ||
|---|---|---|---|
| 003 | EG-ScBUE | ||
| 005 | 20211209115446.0 | ||
| 008 | 121104s2007 ua a f 000 0bara d | ||
| 017 | _a2007 / 14030 | ||
| 020 | _a9771804952 | ||
| 040 |
_aEG-ScBUE _bara _erda _cEG-ScBUE _dEG-ScBUE |
||
| 082 | 0 | 4 |
_a892.78609 _bح س ي _222 |
| 100 | 1 |
_aحسين، طه، _d1889-1973، _eمؤلف. |
|
| 245 | 1 | 0 |
_aأوراق طه حسين ومراسلاته / _cإشراف ودراسة وتقديم أ. د. محمد صابر عرب، أ. د. أحمد زكريا الشلق. |
| 264 | 1 |
_aالقاهرة : _bدار الكتب والوثائق القومية، _c2007. |
|
| 300 |
_a484 صفحة ؛ _bإيضاحيات ؛ _c32 سم |
||
| 336 |
_2rdacontent _aنص _btxt |
||
| 337 |
_2rdamedia _aبدون وسيط _bn |
||
| 338 |
_2rdacarrier _aمجلد _bnc |
||
| 505 | 2 | _aالمجلد الثاني. 1941- 1972. | |
| 600 | 1 | 7 |
_aحسين، طه، _d1889-1973 _xالمراسلات. _2BUEsh |
| 650 | 7 |
_aالأدباء العرب _zمصر _vتراجم. _2BUEsh _98633 |
|
| 651 | _2BUEsh | ||
| 653 |
_bARALIT _cDecember2021 |
||
| 655 |
_vReading book _934232 |
||
| 700 | 1 |
_aعرب، محمد صابر، _eمشرف. _913774 |
|
| 700 | 1 |
_aالشلق، أحمد زكريا، _eمشرف. |
|
| 942 |
_cBB _k892.78609 ح س ي _2ddc |
||
| 999 |
_c8170 _d8170 |
||